National Geographic Traveler Costa Rica (Registro nro. 2755)
[ vista simple ]
| 000 -CABECERA | |
|---|---|
| campo de control de longitud fija | 00718aam a2200265 4500 |
| 005 - FECHA Y HORA DE ACTUALIZACIÓN | |
| campo de control | 20161115142450.0 |
| 008 - LONGITUD FIJA | |
| campo de control de longitud fija | 150610b xxu||||| |||| 00| 0 spa d |
| 041 ## - IDIOMA | |
| Código de idioma del texto/pista de sonido o título separado | |
| 082 ## - CLASIFICACIÓN DECIMAL DEWEY | |
| Número de clasificación | 917.286 B168n |
| 100 ## - AUTOR PERSONAL | |
| Nombre de persona | Baker, Christopher |
| 245 ## - TÍTULO PROPIAMENTE DICHO | |
| Título | National Geographic Traveler Costa Rica |
| 260 ## - PIE DE IMPRENTA | |
| Lugar de publicación, distribución, etc. | Estados Unidos |
| Nombre del editor, distribuidor, etc. | National Geographic |
| Fecha de publicación, distribución, etc. | 2009 |
| 300 ## - DESCRIPCIÓN FÍSICA | |
| Extensión | 271 páginas |
| 650 ## - Materia General | |
| Materia general | COSTA RICA |
| 650 ## - Materia General | |
| Materia general | DESCRIPCIONES Y VIAJES |
| 650 ## - Materia General | |
| Materia general | NATURALEZA |
| 650 ## - Materia General | |
| Materia general | TIERRA |
| 650 ## - Materia General | |
| Materia general | ECOSISTEMA |
| 650 ## - Materia General | |
| Materia general | FLORA |
| 650 ## - Materia General | |
| Materia general | FAUNA |
| 650 ## - Materia General | |
| Materia general | GOBIERNO |
| 650 ## - Materia General | |
| Materia general | ECONOMÍA |
| 650 ## - Materia General | |
| Materia general | GUÍAS |
| 942 ## - Punto de Acceso Adicional Koha | |
| Tipo de ítem Koha | Libro |
| Estado perdido | Estado dañado | No para préstamo | Biblioteca permanente | Biblioteca actual | Signatura completa | Código de barras | Precio efectivo a partir del | Tipo de ítem |
|---|---|---|---|---|---|---|---|---|
| Departamento de Biblioteca y Documentación Alfonso Chase Brenes | Departamento de Biblioteca y Documentación Alfonso Chase Brenes | 917.286 B168n | 16031 | 03/10/2016 | Libro |